000 00523nam a2200193 a 4500
001 3664
003 CO-ViMGA
008 141112s2004 ck r 000 u spa d
020 _a9507270787
040 _aCO-ViMGA
_bspa
_cCO-ViMGA
082 0 4 _a346.034 V176
100 1 _aVasquez Rossi, Jorge E
_953678
245 1 0 _aLa protección jurídica del honor
260 _aSantafé de Bogotá :
_bCulzoni,
_c1995
300 _a208 p
650 1 4 _aDIFAMACION
_953679
650 1 4 _aHONOR - PROTECCION LEGAL
_953680
942 _2ddc
_cBK
999 _c15701
_d15701